<?xml version="1.0" encoding="UTF-8"?>
<record
    xmlns:xsi="http://www.w3.org/2001/XMLSchema-instance"
    xsi:schemaLocation="http://www.loc.gov/MARC21/slim http://www.loc.gov/standards/marcxml/schema/MARC21slim.xsd"
    xmlns="http://www.loc.gov/MARC21/slim">

  <leader>01116nam a2200277 u 4500</leader>
  <controlfield tag="001">58386</controlfield>
  <controlfield tag="005">20260506072452.0</controlfield>
  <controlfield tag="008">960313s1989                        spa  </controlfield>
  <datafield tag="020" ind1=" " ind2=" ">
    <subfield code="a">9586012409</subfield>
  </datafield>
  <datafield tag="035" ind1=" " ind2=" ">
    <subfield code="a">58386</subfield>
  </datafield>
  <datafield tag="035" ind1=" " ind2=" ">
    <subfield code="a">(OCoLC)318222480</subfield>
  </datafield>
  <datafield tag="040" ind1=" " ind2=" ">
    <subfield code="c">comduadb</subfield>
  </datafield>
  <datafield tag="041" ind1=" " ind2=" ">
    <subfield code="a">spa</subfield>
  </datafield>
  <datafield tag="082" ind1=" " ind2="4">
    <subfield code="a">C860</subfield>
  </datafield>
  <datafield tag="111" ind1="2" ind2="0">
    <subfield code="a">Congreso Anual de la Asociacion de Colombianistas Norteamericanos (5. : 1988 : Cartagena),</subfield>
    <subfield code="4">aut</subfield>
    <subfield code="e">aut</subfield>
  </datafield>
  <datafield tag="245" ind1="1" ind2="0">
    <subfield code="a">De ficciones y realidades : perspectivas sobre literatura e historia colombianas</subfield>
  </datafield>
  <datafield tag="260" ind1=" " ind2=" ">
    <subfield code="a">Bogot&#xE1; :</subfield>
    <subfield code="b">Tercer Mundo Editores,</subfield>
    <subfield code="c">1989.</subfield>
  </datafield>
  <datafield tag="300" ind1=" " ind2=" ">
    <subfield code="a">397 p&#xE1;ginas</subfield>
  </datafield>
  <datafield tag="600" ind1="1" ind2="7">
    <subfield code="a">Garc&#xED;a M&#xE1;rquez, Gabriel,</subfield>
    <subfield code="d">1927-2014</subfield>
    <subfield code="x">Critica e interpretaci&#xF3;n</subfield>
    <subfield code="2"></subfield>
    <subfield code="9">858533</subfield>
  </datafield>
  <datafield tag="650" ind1=" " ind2=" ">
    <subfield code="a">Cepeda Samudio, &#xC1;lvaro1926-1972 - Cr&#xED;tica e interpretaci&#xF3;n</subfield>
    <subfield code="9">133890</subfield>
  </datafield>
  <datafield tag="650" ind1=" " ind2=" ">
    <subfield code="a">Moreno Dur&#xE1;n, Rafael Humberto, 1945-2005 - Entrevistas</subfield>
    <subfield code="9">62658</subfield>
  </datafield>
  <datafield tag="650" ind1=" " ind2=" ">
    <subfield code="a">Fals Borda, Orlando, 1925-2008</subfield>
    <subfield code="9">60528</subfield>
  </datafield>
  <datafield tag="700" ind1="1" ind2="0">
    <subfield code="a">Pineda Botero, &#xC1;lvaro</subfield>
    <subfield code="d">1942-</subfield>
    <subfield code="4">com</subfield>
    <subfield code="0">(isni)0000 0000 8379 3958</subfield>
    <subfield code="0">(viaf)46811250</subfield>
    <subfield code="e">com</subfield>
    <subfield code="9">704084</subfield>
  </datafield>
  <datafield tag="700" ind1="1" ind2="0">
    <subfield code="a">Williams, Raymond Leslie,</subfield>
    <subfield code="c">Linguista</subfield>
    <subfield code="4">com</subfield>
    <subfield code="e">com</subfield>
    <subfield code="9">707247</subfield>
  </datafield>
  <datafield tag="942" ind1=" " ind2=" ">
    <subfield code="c">BOOK</subfield>
  </datafield>
  <datafield tag="999" ind1=" " ind2=" ">
    <subfield code="c">64086</subfield>
    <subfield code="d">64086</subfield>
  </datafield>
  <datafield tag="952" ind1=" " ind2=" ">
    <subfield code="0">0</subfield>
    <subfield code="1">0</subfield>
    <subfield code="4">0</subfield>
    <subfield code="7">0</subfield>
    <subfield code="8">LILAT</subfield>
    <subfield code="a">BC</subfield>
    <subfield code="b">BC</subfield>
    <subfield code="d">2005-07-29</subfield>
    <subfield code="g">30000.00</subfield>
    <subfield code="i">C875160</subfield>
    <subfield code="l">0</subfield>
    <subfield code="o">C860.09 C749</subfield>
    <subfield code="p">61000002842140</subfield>
    <subfield code="r">2023-04-21 00:00:00</subfield>
    <subfield code="t">1</subfield>
    <subfield code="w">2023-04-21</subfield>
    <subfield code="y">BOOK</subfield>
  </datafield>
  <datafield tag="952" ind1=" " ind2=" ">
    <subfield code="0">0</subfield>
    <subfield code="1">0</subfield>
    <subfield code="2">ddc</subfield>
    <subfield code="4">0</subfield>
    <subfield code="7">0</subfield>
    <subfield code="8">LILAT</subfield>
    <subfield code="a">BC</subfield>
    <subfield code="b">BC</subfield>
    <subfield code="d">2005-07-29</subfield>
    <subfield code="g">30000.00</subfield>
    <subfield code="i">C875161</subfield>
    <subfield code="l">2</subfield>
    <subfield code="o">C860.09 C749d e2</subfield>
    <subfield code="p">61000002838429</subfield>
    <subfield code="r">2025-08-04 17:04:06</subfield>
    <subfield code="s">2025-05-19</subfield>
    <subfield code="t">2</subfield>
    <subfield code="w">2023-04-21</subfield>
    <subfield code="y">BOOK</subfield>
  </datafield>
</record>
